Storia della notte

Saved in:
书目详细资料
主要作者: Tóibín, Colm
格式: 图书
语言:Undetermined
出版: Roma Fazi 2000
标签: 添加标签
没有标签, 成为第一个标记此记录!

MARC

LEADER 00000nam a2200000Ia 4500
001 360
003 NUMERAZIONE-ORIGINALE-BRESCIA
005 20260310134434.0
008 260206s9999 xx 000 0 und d
040 |c arcigay brescia 
100 |a Tóibín, Colm 
245 0 |a Storia della notte 
260 |a Roma  |b Fazi  |c 2000 
500 |a Le strade 
942 |2 ddc  |c BK  |n 0 
952 |0 0  |1 0  |2 ddc  |4 0  |6 13  |7 0  |9 28557  |a BS  |b BS  |d 2026-02-06  |i 360  |l 0  |o 1-3-*  |r 2026-02-06 22:40:37  |w 2026-02-06  |x [REVISIONARE]  |y BK 
999 |c 24223  |d 24223